Science Quiz

Random Science or World Quiz

'G' Natural World Quiz Stats

 Plays Quiz Updated Nov 28, 2016

Support Sporcle.
Go Orange.
Score 0/21 Timer 05:00
6 Plays Today
Hint Answer % Correct
Which African ape is the world's largest living primate?Gorilla
92.9%
Which African mammal is the world's tallest living animal?Giraffe
92%
Which dog was originally bred for game coursing and is now used mostly for racing?Greyhound
86.9%
What name is given to hot spring that intermittently boils sending a tall column of water into the air?Geyser
83.6%
Which hardy domesticated ruminant mammal has backward-curving horns and, in the male, a beard?Goat
81%
Which type of graceful antelope is capable of reaching speeds of 60 mph and a sustained speed of 30 mph?Gazelle
81%
Which nocturnal lizard has no eyelids and adhesive pads on its feet to assist in climbing?Gecko
77.5%
Which plant-eating insect produces a chirping sound by rubbing a hind leg against one of their forewings?Grasshopper
76%
Which sour to semi-sweet yellow citrus fruit has an acid juicy pulp?Grapefruit
70.7%
Which South American cavy no longer occurs in the wild and is typically kept as a pet or for laboratory research?Guinea Pig
67.8%
Which North American rodent is also known as a 'woodchuck', 'whistle-pig', or 'land-beaver'?Groundhog
66.6%
Hint Answer % Correct
Which burrowing mouse-like rodent found in Africa and Asia is often kept as a caged pet?Gerbil
64.6%
What other name can be used for a wildebeest?Gnu
61.9%
Which large waterbird has a long neck, short legs, webbed feet and a short broad bill?Goose
57.1%
Which small slender tree-dwelling ape with long powerful arms is native to the forests of SE Asia?Gibbon
53.8%
Which dog known for its very large size is also known as a German Mastiff?Great Dane
52.4%
Which pheasant-like bird with a plump body and feathered legs is a popular game bird?Grouse
51.9%
Which burrowing rodent with fur-lined cheek pouches is found in North and Central America?Gopher
45.3%
Which popular aquarium fish is also known as a 'millionfish' or a 'rainbow fish'?Guppy
41.6%
Which seabird hunts fish by diving from height into the sea and pursuing them underwater?Gannet
21.5%
Which powerful short-winged hawk used in falconry is also known as the Northern .....?Goshawk
20.4%

From the Vault

Famous Figures in US History

by Unity_History

History 6m
This quiz wants YOU to name important figures in U.S. history.
Remove Ads.
Support Sporcle.
Get the best of Sporcle when you Go Orange. This ad-free experience offers more features, more stats, and more fun while also helping to support Sporcle. Thank you for becoming a member.

Show Comments

Extras

Top Quizzes Today


Score Distribution

Your Account Isn't Verified!

In order to create a playlist on Sporcle, you need to verify the email address you used during registration. Go to your Sporcle Settings to finish the process.

Report this User

Report this user for behavior that violates our Community Guidelines.

Details: